| 000 | 00479nam 22001693 4500 | ||
|---|---|---|---|
| 001 | 199623 | ||
| 090 | _a199623 | ||
| 100 | _a20251218d u||y0pory50 ba | ||
| 200 |
_aPela revolução democrática e nacional _fÁlvaro Cunhal |
||
| 210 |
_aLisboa _cEditorial Estampa _d1975 |
||
| 215 |
_a227 p. _cbrochado _d19 cm |
||
| 606 |
_91246 _aPolítica |
||
| 675 |
_a32 _vPT _zpor |
||
| 700 |
_92360 _aCunhal _bÁlvaro _f1913-2005 |
||
| 801 |
_aPT _bBMMN _gRPC |
||
| 830 |
_cFernando _fFernando |
||
| 990 | _cLIVROS | ||